000 01050nam a22003137a 4500
003 CHAP
005 20220329134736.0
008 971013s1935 r 00010 d
010 _a25130
011 _a26102
035 _a30202
040 _cCHAP
082 _a311.21
_bH35
100 0 0 _aHansen, Morris H.
_952578
245 _aSample survey methods and theory
260 _aNew York :
_bWiley,
_c1935
300 _a2 v.
500 _aLa biblioteca tiene : v.1 Methods and applications .-v.2 Theory
590 _aBATCH-UPD
_b10
_c20130110
_lUCH01
_h1213
590 _aBATCH-UPD
_b10
_c20130410
_lUCH01
_h0751
590 _aBATCH-UPD
_b10
_c20130914
_lUCH01
_h1601
590 _aCONVERSION
_b10
_c20130109
_lUCH01
_h1315
650 1 4 _aMuestreo estadístico.
_979288
901 _aBK
942 _cLIBRO
949 _a311.21 H35
_bBC
_cLIBRO
_d33724000295507
_eLIBRO
_fv.1 c.2
_i30202
_mD
_si
949 _a311.21 H35
_bBC
_cLIBRO
_d33724000295515
_eLIBRO
_fv.1
_h33171
_i30202
_si
949 _a311.21 H35
_bBC
_cLIBRO
_d33724000295531
_eLIBRO
_fv.2
_h54741
_i30202
_si
999 _c25130
_d25130